Capitals Without the Letters of “Juba” - Statistics

General Stats
  • This quiz has been taken 8 times
  • The average score is 17 of 25
Answer Stats
Continents Capitals % Correct
North America Mexico City
88%
Africa Freetown
75%
Europe Helsinki
75%
North America Kingston
75%
North America Kingstown
75%
Africa Lomé
75%
Europe London
75%
Europe Minsk
75%
South America Montevideo
75%
Europe Moscow
75%
Europe Rome
75%
Europe Stockholm
75%
Asia Tokyo
75%
Asia Dili
63%
South America Georgetown
63%
Europe Kiev
63%
Europe Oslo
63%
Asia Phnom Penh
63%
Africa Porto-Novo
63%
Oceania Wellington
63%
Africa Moroni
50%
Africa Tripoli
50%
Africa Windhoek
50%
Africa Lilongwe
38%
Asia New Delhi
38%
No matching quizzes found
Score Distribution
Percent of People with Each Score
Percentile by Number Answered
Your Score History
You have not taken this quiz